15 najludniejszych państw Ameryki północnej - Statystyki

Ogólne statystyki
  • Ten quiz został rozwiązany 64 razy
  • Średni wynik to 12 z 15
Statystyki odpowiedzi
Ludność Pąństwo % Poprawnych
327,000,000 USA
98%
126,200,000 Meksyk
97%
37,100,000 Kanada
95%
11,300,000 Kuba
92%
4,300,000 Panama
86%
10,600,000 Dominikana
85%
5,100,000 Kostaryka
83%
11,100,000 Haiti
81%
6,500,000 Nikaragua
80%
9,500,000 Honduras
78%
400,000 Belize
75%
6,400,000 Salwador
75%
17,200,000 Gwatemala
73%
3,000,000 Jamajka
69%
1,400,000 Trynidad i tobago
47%
Nie znaleziono quizów pasujących do podanych kryteriów
Rozkład punktacji
Procent ludzi z każdym wynikiem
Percentyl według liczby udzielonych odpowiedzi
Twoja historia wyników
Nie rozwiązałeś tego quizu